[Event "Liechtenstein Seniors op 01st"]
[Site "Triesen"]
[Date "2001.05.19"]
[Round "2"]
[White "Baugut, Ilse"]
[Black "Anderegg, Paul"]
[Result "1/2-1/2"]
[WhiteElo "1864"]
[BlackElo "1646"]
[PlyCount "121"]
[EventDate "2001.05.??"]
[EventType "swiss"]
[EventRounds "9"]
[EventCountry "LIE"]
[SourceTitle "EXT 2006"]
[Source "ChessBase"]
[SourceDate "2005.11.24"]
[SourceVersion "1"]
[SourceVersionDate "2005.11.24"]
[SourceQuality "1"]

1. d4 Nf6 2. c4 g6 3. Nc3 Bg7 4. e4 d6 5. f4 Bg4 6. Nf3 Nbd7 7. Be2 e5 8. 0-0 exd4 9. Nxd4 Bxe2 10. Ndxe2 0-0 11. Ng3 Re8 12. Be3 Nc5 13. Qc2 Ng4 14. Qe2 Qh4 15. h3 Qxg3 16. hxg4 Nxe4 17. Nd5 Rad8 18. Qf3 c6 19. Nc3 Qxf3 20. Rxf3 Nxc3 21. bxc3 Bxc3 22. Rd1 Bb4 23. Kh2 Re4 24. Bxa7 Ra8 25. a3 Rxc4 26. axb4 Rxa7 27. Rxd6 Rxb4 28. f5 Rxg4 29. Rd8+ Kg7 30. f6+ Kh6 31. Rd7 Ra2 32. Rxb7 Rgxg2+ 33. Kh3 Rh2+ 34. Kg4 Rag2+ 35. Kf4 g5+ 36. Ke5 Kg6 37. Rb8 Re2+ 38. Kd4 Ref2 39. Rg8+ Kh5 40. Rg3 Rf4+ 41. Ke3 Rxf6 42. R3xg5+ Kh6 43. Rc5 Rh5 44. Rc4 c5 45. Rc8 Re5+ 46. Kd3 Rf3+ 47. Kd2 f6 48. Rh4+ Kg5 49. Rxh7 Kg4 50. Rg8+ Rg5 51. Rf8 f5 52. Rfh8 Kf4 53. Rh2 c4 54. Rc8 Kg3 55. Re2 Rg4 56. Rc5 Rd4+ 57. Kc2 Rf2 58. Rxf2 Kxf2 59. Rxf5+ Ke3 60. Kc3 Ke4 61. Rh5 1/2-1/2